01284pab a2200169 454500008004000000100002100040245006400061260000900125300001500134362000800149520074800157650002600905773005100931909001000982999001700992952010501009180718b1998 xxu||||| |||| 00| 0 eng d aAgranoff, Robert aPartnership in public management: rural enterprise alliance c1998 ap.1533-575 aNov aThis paper addresses public management implications of a certain form of network: the rural enterprise alliance, a formal nonmetropolitan partnership among producers, distributors, labor unions, employer associations, credit institutions, and government agencies. Six alliances are examined as examples of "bottom up" approaches to economic development. Organizing locally for global competition is bringing on more decentralized, flexible, yet comprehensive public management approaches, emphasizing demand programming, self-management, incentives and information, leverage and engagement, and de-differentiated structuring. Public managers must increasingly deal with challenges like those related to the emergence of alliances. - Reproduced aPublic administration aInternational Journal of Public Administration a38927 c38927d38927 00104070aIIPAbIIPAd2018-07-19hVolume no: 21, Issue no: 11pAR39288r2018-07-19w2018-07-19yAR